000 00374nam a2200133 i 4500
001 bg
100 1 _aKLONOWSKI, Włodzimierz
245 0 _aPodstawy teoretyczne badania polimerów usieciowanych metodami akustycznymi /
_cWłodzimierz Klonowski.
260 _aWarszawa,
_c1978.
040 _cBPK
041 _apol
942 _cKS
008 s pl f |000 0 pol
999 _c22182
_d22182
856 _uhttp://koha.tu.koszalin.pl/cgi-bin/koha/opac-detail.pl?biblionumber=22182
_yKatalog online BPK